<?xml version="1.0" encoding="UTF-8"?>
<marc:record xmlns:marc="http://www.loc.gov/MARC21/slim">
   <marc:leader>00000nam a2200000 a 4500</marc:leader>
   <marc:datafield ind1="1" ind2=" " tag="100">
      <marc:subfield code="a">Dietzel, Anja</marc:subfield>
      <marc:subfield code="4">aut</marc:subfield>
      <marc:subfield code="e">Verfasser/-in</marc:subfield>
   </marc:datafield>
   <marc:datafield ind1="1" ind2=" " tag="100">
      <marc:subfield code="a">Gutjahr, Anja</marc:subfield>
      <marc:subfield code="4">aut</marc:subfield>
      <marc:subfield code="e">Verfasser/-in</marc:subfield>
   </marc:datafield>
   <marc:datafield ind1="1" ind2=" " tag="100">
      <marc:subfield code="a">Hintermair, Manfred</marc:subfield>
      <marc:subfield code="4">aut</marc:subfield>
      <marc:subfield code="e">Verfasser/-in</marc:subfield>
   </marc:datafield>
   <marc:datafield ind1=" " ind2=" " tag="653">
      <marc:subfield code="a">Jugend</marc:subfield>
   </marc:datafield>
   <marc:datafield ind1=" " ind2=" " tag="653">
      <marc:subfield code="a">Hörschädigung</marc:subfield>
   </marc:datafield>
   <marc:datafield ind1=" " ind2=" " tag="653">
      <marc:subfield code="a">Dissoziale Persönlichkeitsstörung</marc:subfield>
   </marc:datafield>
   <marc:datafield ind1=" " ind2=" " tag="653">
      <marc:subfield code="a">Aggressivität</marc:subfield>
   </marc:datafield>
   <marc:datafield ind1=" " ind2=" " tag="653">
      <marc:subfield code="a">Betroffene und deren Angehörige</marc:subfield>
   </marc:datafield>
   <marc:datafield ind1=" " ind2=" " tag="653">
      <marc:subfield code="a">Softcover / Pädagogik/Sonderpädagogik</marc:subfield>
   </marc:datafield>
   <marc:datafield ind1="0" ind2="0" tag="245">
      <marc:subfield code="a">Warum nicht zuschlagen?!</marc:subfield>
   </marc:datafield>
   <marc:datafield ind1="0" ind2="0" tag="245">
      <marc:subfield code="b">Analysen aggressiv-dissozialer Auffälligkeiten hörgeschädigter Jugendlicher aus der Sicht von Betroffenen und Fachleuten</marc:subfield>
   </marc:datafield>
   <marc:datafield ind1="0" ind2="0" tag="245">
      <marc:subfield code="c">Anja Dietzel ; Anja Gutjahr ; Manfred Hintermair</marc:subfield>
   </marc:datafield>
   <marc:datafield ind1=" " ind2="1" tag="264">
      <marc:subfield code="a">Heidelberg</marc:subfield>
      <marc:subfield code="b">Median-Verl.</marc:subfield>
      <marc:subfield code="c">2011</marc:subfield>
   </marc:datafield>
   <marc:datafield ind1="1" ind2=" " tag="520">
      <marc:subfield code="a">Angaben aus der Verlagsmeldung

Warum nicht zuschlagen?! : Analysen aggressiv-dissozialer Auffälligkeiten hörgeschädigter Jugendlicher aus der Sicht von Betroffenen und Fachleuten. / von Anja Dietzel, Anja Gutjahr, Manfred Hintermair

Das vorliegende Buch befasst sich mit der Lebenssituation von hörgeschädigten Jugendlichen, die im schulischen Alltag durch aggressiv-dissoziales Verhalten (verbale und körperliche Gewaltanwendung, Mobbing etc.) auffällig geworden sind.
Dass Probleme in der sozial-emotionalen Entwicklung bei hörgeschädigten Kindern auftreten können, ist hinlänglich bekannt: Ein eingeschränktes Hörvermögen in einer vornehmlich hörenden Welt kann die kommunikative Beziehungsgestaltung und in der Folge davon Entwicklungsprozesse in vielfältiger Weise beeinflussen, dies vor allem dann, wenn zwischen einem hörendem und einem hörgeschädigtem Interaktionspartner kein für beide Seiten befriedigendes Gespräch stattfindet. Nicht-Verstehen kann dazu führen, dass das konstruktive Lösen von Problemen und Konflikten schwierig wird und andere Wege eingeschlagen werden (z. B. körperliche Ausagieren usw.).
Aber was sind mögliche weitere Faktoren, die in diesem Zusammenhang eine Rolle spielen? Was sind konkrete Auslöser für aggressive Verhaltensweisen von hörgeschädigten Jugendlichen? Wie beschreiben Jugendliche ihr Verhalten selbst, und welche Hilfen, welche Unterstützung wünschen sie sich von Seiten ihrer Lehrer?
Das vorliegende Buch möchte darauf Antworten geben. Grundlage hierfür sind u.a. Interviews mit 27 hörgeschädigten Jugendlichen sowie mit ihren Lehrkräften, die Einblicke gewähren in ihre Lebenssituation, ihre Erfahrungen, Einschätzungen und Bewertungen im Zusammenhang mit ihren aggressiven Verhaltensweisen. Die Interviews bieten äußerst informative und facettenreiche Erkenntnisse, die durch die Ergebnisse einer Befragung an deutschen Schulen für Hörgeschädigte, der Vorstellung und Evaluierung eines Anti-Gewalt-Trainings sowie konkreten Vorschlägen zur Prävention und Intervention für den schulischen Alltag abgerundet werden.
Das Buch soll einen Beitrag für ein vertieftes Verständnis der Situation hörgeschädigter Kinder und Jugendlicher leisten.
</marc:subfield>
   </marc:datafield>
   <marc:datafield ind1=" " ind2=" " tag="020">
      <marc:subfield code="a">9783941146235</marc:subfield>
      <marc:subfield code="9">9783941146235</marc:subfield>
   </marc:datafield>
   <marc:datafield ind1=" " ind2=" " tag="041">
      <marc:subfield code="a">ger</marc:subfield>
   </marc:datafield>
   <marc:datafield ind1=" " ind2=" " tag="300">
      <marc:subfield code="a">200 S.</marc:subfield>
   </marc:datafield>
</marc:record>
